000 00693nam a2200205 a 4500
001 7754
003 CO-ViMGA
008 141112s2004 ck r 000 u spa d
040 _aCO-ViMGA
_bspa
_cCO-ViMGA
082 0 4 _a784.9486 L47m
100 1 _aList, George
_97255
245 1 0 _aMúsica y Poesia en un pueblo colombiano :
_bUna herencia tri - cultural
260 _aBogotá,
_cColegio Maximo de las Academias Colombianos,
_cPatronato Colombiano de Artes y Ciencias,
_c1994
300 _a659 p, il, 24 cm
650 1 4 _aapreciacion musical
_94456
650 1 4 _aConjuntos vocales - Colombia
_97256
650 1 4 _aInstrumentos musicales
_955083
650 1 4 _aMusica Colombiana
942 _2ddc
_cBK
999 _c19668
_d19668